000 00457nam a2200169Ia 4500
001 12843
008 140401s9999 xx 000 0 und d
020 _a0-399-14294-0
040 _cPK-LaUMT
082 _a 658.409
_bCOO-E
100 _aCooper, Robert K.
245 _aExecutive EQ : Emotional intelligence in leadership and orga
_cCooper, Robert K.<>Sawaf, Ayman, J.T.
260 _c1996
546 _aEN
700 _aSawaf, Ayman, J.T.
942 _cBK
999 _c13576
_d13576